Catálogo

LA EMPRESA PUBLICA : (Registro nro. 8550)

Detalles MARC
000 -LEADER
fixed length control field 00576nam a2200193 a 4500
001 - CONTROL NUMBER
control field 8550
005 - DATE AND TIME OF LATEST TRANSACTION
control field 20180713192505.0
008 - FIXED-LENGTH DATA ELEMENTS--GENERAL INFORMATION
fixed length control field 140415s1992 mx 000 0 spa d
041 ## - LANGUAGE CODE
Language code of text/sound track or separate title spa
082 ## - DEWEY DECIMAL CLASSIFICATION NUMBER
Classification number 350.0092
Item number ACL
100 1# - MAIN ENTRY--PERSONAL NAME
Personal name ACLE TOMASINI, ALFREDO
245 13 - TITLE STATEMENT
Title LA EMPRESA PUBLICA :
Remainder of title DESDE FUERA DESDE DENTRO: UN NUEVO ENFOQUE PARA SU PLA...
250 ## - EDITION STATEMENT
Edition statement 1a ed.
260 ## - PUBLICATION, DISTRIBUTION, ETC.
Place of publication, distribution, etc. MEXICO :
Name of publisher, distributor, etc. LIMUSA,
Date of publication, distribution, etc. 1992
300 ## - PHYSICAL DESCRIPTION
Extent 156
650 14 - SUBJECT ADDED ENTRY--TOPICAL TERM
Topical term or geographic name entry element EMPRESAS ESTATALES
700 1# - ADDED ENTRY--PERSONAL NAME
Personal name JANETTI D., MA. EMILIA
Relator term pról.
700 1# - ADDED ENTRY--PERSONAL NAME
Personal name VEGA HUTCHISON, JUAN MANUEL
Relator term coaut.
Existencias
Withdrawn status Lost status Source of classification or shelving scheme Damaged status Not for loan Collection code Home library Current library Shelving location Date acquired Source of acquisition Inventory number Total Checkouts Full call number Barcode Date last seen Price effective from Koha item type
    Dewey Decimal Classification     General Biblioteca Karol Wojtyla Biblioteca Karol Wojtyla Sala general 03/12/2013 Compra 151000000000000000048795   350.0092 ACL 22318 05/01/2026 03/12/2013 Libro
    Dewey Decimal Classification     General Biblioteca Karol Wojtyla Biblioteca Karol Wojtyla Sala general 03/12/2013 Compra 151000000000000000048796   350.0092 ACL 22319 05/01/2026 03/12/2013 Libro